Top 100 NRL Players - Statistics

General Stats
  • This quiz has been taken 337 times
    329 since last reset
  • The average score is 39 of 100
Answer Stats
# Hint Answer % Correct
1 Panthers Nathan Cleary
98%
3 Broncos Reece Walsh
93%
6 Knights Kalyn Ponga
86%
2 Broncos Payne Haas
86%
7 Rabbitohs Latrell Mitchell
84%
5 Storm Cameron Munster
83%
9 Sea Eagles Daly Cherry-Evans
83%
11 Roosters James Tedesco
80%
20 Broncos Adam Reynolds
75%
4 Sea Eagles Tom Trbojevic
69%
38 Panthers Brian To'o
65%
63 Bulldogs Josh Addo-Carr
65%
21 Warriors Shaun Johnson
65%
32 Sea Eagles Jake Trbojevic
64%
43 Panthers Stephen Crichton
64%
17 Eels Mitchell Moses
63%
12 Broncos Patrick Carrigan
63%
10 Rabbitohs Cameron Murray
62%
56 Panthers Jerome Luai
62%
62 Roosters Angus Crichton
61%
14 Storm Jahrome Hughes
59%
22 Sharks Nicho Hynes
59%
28 Rabbitohs Cody Walker
58%
16 Panthers Isaah Yeo
57%
27 Broncos Selwyn Cobbo
55%
19 Storm Harry Grant
53%
8 Titans Tino Fa'asuamaleaui
52%
41 Dragons Ben Hunt
50%
29 Panthers Dylan Edwards
50%
30 Storm Ryan Papenhuyzen
49%
50 Cowboys Scott Drinkwater
48%
26 Cowboys Valentine Holmes
48%
33 Titans David Fifita
46%
13 Raiders Jack Wighton
46%
15 Roosters Joseph Manu
46%
46 Panthers Liam Martin
46%
65 Bulldogs Matt Burton
46%
18 Raiders Josh Papali'i
45%
42 Eels Clint Gutherson
44%
25 Panthers James Fisher-Harris
44%
47 Roosters Brandon Smith
43%
69 Storm Xavier Coates
43%
91 Broncos Kotoni Staggs
42%
79 Raiders Hudson Young
41%
77 Titans Jayden Campbell
41%
88 Broncos Ezra Mam
40%
45 Dolphins Hamiso Tabuai-Fidow
40%
58 Eels Dylan Brown
38%
35 Raiders Joseph Tapine
38%
94 Broncos Herbie Farnworth
37%
57 Rabbitohs Damien Cook
35%
52 Cowboys Reuben Cotter
34%
34 Warriors Addin Fonua-Blake
33%
49 Titans AJ Brimson
33%
31 Cowboys Jason Taumalolo
31%
75 Roosters Luke Keary
31%
36 Bulldogs Viliame Kikau
31%
84 Dragons Zac Lomax
31%
87 Roosters Victor Radley
29%
40 Cowboys Jeremiah Nanai
27%
48 Eels Junior Paulo
27%
89 Titans Kieran Foran
27%
44 Warriors Tohu Harris
27%
72 Cowboys Reece Robson
25%
37 Tigers Api Koroisau
24%
66 Dolphins Jamayne Isaako
24%
53 Roosters Lindsay Collins
24%
78 Knights Bradman Best
22%
90 Tigers Luke Brooks
22%
80 Cowboys Murray Taulagi
22%
98 Bulldogs Reed Mahoney
22%
82 Rabbitohs Campbell Graham
21%
85 Knights Daniel Saifiti
20%
23 Sea Eagles Haumole Olakau'atu
20%
86 Knights Jacob Saifiti
20%
67 Roosters Joseph Suaalii
20%
64 Dolphins Jesse Bromwich
19%
54 Storm Nelson Asofa-Solomona
19%
51 Knights Tyson Frizell
19%
81 Raiders Jordan Rapana
18%
74 Rabbitohs Jai Arrow
17%
60 Eels Regan Campbell-Gillard
17%
39 Storm Christian Welch
16%
68 Warriors Dallin Watene-Zelezniak
16%
71 Eels Maika Sivo
16%
24 Roosters Jared Waerea-Hargreaves
15%
73 Dolphins Felise Kaufusi
14%
99 Eels J'maine Hopgood
14%
96 Sharks Ronaldo Mulitalo
14%
97 Warriors Wade Egan
14%
83 Warriors Charnze Nicoll-Klokstad
13%
61 Rabbitohs Keaon Koloamatangi
12%
93 Raiders Matt Timoko
12%
59 Dolphins Tom Gilbert
12%
95 Dragons Tyrell Sloan
11%
100 Tigers David Klemmer
10%
92 Tigers John Bateman
10%
55 Titans Moeaki Fotuaika
9%
70 Sharks Dale Finucane
5%
76 Sharks Toby Rudolf
4%
No matching quizzes found
Score Distribution
Percent of People with Each Score
Percentile by Number Answered
Your Score History
You have not taken this quiz since the last reset